000 01292nam a2200265 a 4500
001 000037542
005 20210420113209.0
008 090706s1993 dr a r 001 0 spa d
040 _aDO-SdBNP
_bspa
_cBNPHU
082 _a339.522
_bG255p
245 0 3 _aEl gasto público social de la República Dominicana en la década de los ochenta.
260 _aSanto Domingo :
_bCIECA,
_c1993.
_fCumbre
300 _a44 p. :
_bil. ;
_c24 cm.
490 1 _aEnsayos de Economía ;
504 _aIncluye referencias bibliográficas y notas al pie de páginas.
505 0 _gIntroducción --
_tEl cambiante contexto macroeconómico de la década --
_tEl gasto público social global --
_tEducación --
_tSalud --
_tVivienda --
_tCriterios para el aumento y reorientación de los gastos públicos sociales --
_tRecomendaciones específicas.
590 _aInventariado, 2018/BT
650 4 _aGastos públicos
_xEstadísticas
_zRepública Dominicana
_963998
650 4 _aAdministración financiera
_96342
651 4 _aRepública Dominicana
_xCondiciones Económicas
_9281
710 2 _aCentro de Investigaciones Económica para el Caribe (CIECA)
_963999
710 _aFondo de las Naciones Unidas para la Infancia
_99270
830 0 _aEnsayos de Economía ;
_97177
910 _aValidado. Control de calidad. EMS
999 _c37032
_d37032